Stereotypical Music Around the World - Statistics

General Stats
  • This quiz has been taken 45 times
    32 since last reset
  • The average score is 10 of 15
Answer Stats
Song Country % Correct
Cotton Eye Joe United States
97%
Jarabe Tapatio Mexico
90%
Yi Jian Mei China
87%
Erika Germany
87%
Traditionell Musette France
84%
Drunken Sailor Ireland
84%
Waka Waka South Africa
84%
Osiris Egypt
68%
Bear Hugger Theme Canada
65%
Guatanamera Cuba
65%
La Salsa Llego Colombia
61%
W Moim Ogrodecku Poland
48%
Ved Stanford Brua Norway
42%
Nants' Ingonyama Tanzania
29%
Not Until You Return Iran
19%
No matching quizzes found
Score Distribution
Percent of People with Each Score
Percentile by Number Answered
Your Score History
You have not taken this quiz since the last reset